Introdution To Information Systems (Record no. 3572)

MARC details
000 -LEADER
fixed length control field 00500nam a22001697a 4500
008 - FIXED-LENGTH DATA ELEMENTS--GENERAL INFORMATION
fixed length control field 250520b |||||||| |||| 00| 0 eng d
020 ## - INTERNATIONAL STANDARD BOOK NUMBER
ISBN 9781119585916
100 ## - MAIN ENTRY--AUTHOR
Author Rainer R. Kelly Jr
245 ## - TITLE STATEMENT
Title Introdution To Information Systems
Remainder of title Supporting and Transforming Business.
250 ## - EDITION STATEMENT
Edition statement 7th
260 ## - PUBLICATION, DISTRIBUTION, ETC. (IMPRINT)
Place of publication Glasgow
Name of publisher WILEY
Date of publication 2018
300 ## - COLLATION
Pagination ix, 461p. 27.5cm:
Other physical details illustration
650 ## - TRACINGS
Main Subject Information Technology
Subdivision (1st) Computer Networks
700 ## - ADDITIONAL AUTHOR
Additional Author Prince Brad
942 ## - ADDED ENTRY ELEMENTS (KOHA)
Item type Books
050 ## - LIBRARY OF CONGRESS CALL NUMBER
Classification number T58.5
Item number .R35
Holdings
Source of classification or shelving scheme Not for loan Permanent location Current location Date acquired Accession No. Full call number Barcode. Koha item type
Library of Congress Classification   Samuel Ogbemudia Main Library, University of Abuja Samuel Ogbemudia Main Library, University of Abuja 05/20/2025 2024/63859 T58.5.R35 2025-2045 Books